Příručka klavírních doprovodů a dirigování písní v mateřské a základní škole /

Main Author: Kodejška, Miloš, 1952-
Other Authors: Popovič, Mikuláš, 1936-2006
Language: Czech
Published: Praha : Portál, 1996
Edition: 1. vyd.
Series: Výchova dětí od 3 do 8 let
Physical Description: 117 s. : il. ; 23 cm
Book
Saved in:
LEADER 01546nam a2200337 a 4500
001 000113544
003 CZ BrMZK
005 19970107143423.0
008 970107s1996 xr f cze d
020 |a 80-7178-099-5 
040 |a BOA001  |b cze 
080 |a 372.878(076):373.32  |2 MRF 
080 |a 784.67:372.878:373.32  |2 MRF 
080 |a 786.2:784.67:372.3/.4  |2 MRF 
100 1 |a Kodejška, Miloš,  |d 1952-  |7 mzk2008430776  |4 aut 
245 1 0 |a Příručka klavírních doprovodů a dirigování písní v mateřské a základní škole /  |c Miloš Kodejška, Mikuláš Popovič 
250 |a 1. vyd. 
260 |a Praha :  |b Portál,  |c 1996 
300 |a 117 s. :  |b il. ;  |c 23 cm 
490 1 |a Výchova dětí od 3 do 8 let 
653 0 |a dirigování  |a dětské písně  |a harmonizace  |a klavír  |a klavírní doprovody  |a lidové písně  |a mateřské školy  |a základní školy 
700 1 |a Popovič, Mikuláš,  |d 1936-2006  |7 ola2002110332  |4 aut 
830 0 |a Výchova dětí od 3 do 8 let  |0 s 
910 |a BOA001  |b PK-0126.493 
964 |a Klavír  |x užití didaktické  |x školy mateřské  |x příručky 
964 |a Klavír  |x užití didaktické  |x školy základní  |x příručky 
964 |a Písně  |x doprovody klavírní  |x metodiky  |x školy mateřské 
964 |a Písně  |x doprovody klavírní  |x metodiky  |x školy základní 
990 |a BK 
996 7 |b 3119005988  |c PK-0126.493  |l MZK  |r Sklad / do 1 hodiny  |n 11  |p kup  |w 000113544  |u 000010  |a 1  |e BOA001  |j MZK50  |s A 
996 7 |b 3119006505  |c PK-0126.493  |l MZK  |r Sklad / do 1 hodiny  |n 3  |p kup  |w 000113544  |u 000020  |a 1  |e BOA001  |j MZK50  |s A